000 00577 a2200229 4500
001 115432
020 _a0816039917
041 _apor
090 _aP SK 599 WHA
100 _aconsultant editor, Mark Carwardine.
250 _a2nd ed.
300 _a240 p.
697 _aDolphins.
697 _aCetacea.
697 _aPorpoises.
697 _aWhales.
856 _u00002a/00002a69.jpg
040 _aBR-BrIDEA
_cBR-BrIDEA
245 1 0 _aWhales, dolphins, and porpoises
_c Mark Carwardine consultant editor
260 _aNew York
_bCheckmark Books
_c1999
942 _cBK
999 _c115432
_d115432